[Event "Subang Jaya op 12th"]
[Site "Subang Jaya"]
[Date "2024.01.28"]
[Round "6"]
[White "Rosli, Iman Hasif"]
[Black "Mohd Ibrahim, Muhd Idris"]
[Result "1-0"]
[WhiteElo "1331"]
[BlackElo "1028"]
[PlyCount "60"]
[EventDate "2024.01.27"]
[EventType "swiss"]
[EventRounds "8"]
[EventCountry "MAS"]
[SourceTitle "CBM 218 Extra"]
[Source "ChessBase"]
[SourceDate "2024.03.31"]
[SourceVersion "1"]
[SourceVersionDate "2024.03.31"]
[SourceQuality "1"]

1. e4 e5 2. Nf3 Nc6 3. Bb5 a6 4. Ba4 b5 5. Bb3 d6 6. d3 h6 7. h3 Qf6 8. Be3 Qg6 9. Bd5 Nge7 10. Nh4 Qf6 11. Bxc6+ Nxc6 12. Nf3 Qg6 13. Nh4 Qf6 14. Nf3 Qg6 15. g3 Qh5 16. Nbd2 g5 17. Rh2 g4 18. hxg4 Qxg4 19. Nh4 Qxd1+ 20. Kxd1 Be7 21. Ke2 Bg4+ 22. f3 Bd7 23. g4 Nd4+ 24. Bxd4 exd4 25. Nf5 Bxf5 26. exf5 Bg5 27. Rah1 f6 28. Ne4 Bf4 29. Rg2 Kf7 30. Kd1 Rh7 1-0